000 00576nam a22001817a 4500
999 _c172763
_d172763
005 20200212151501.0
010 _aA-372933
020 _c30.00
035 _aA-372933
037 _bBPPD/Pub.
082 _a921
100 _aآفاق حسین صیدیقی
245 _aجاں نثار اختر:
_bشخص اور شاعر /
_cآفاق حسین صیدیقی
246 _aJaan Nisar Akhtar: Shakhs Aur Shayar /
_bby Afaaq Hussain Siddiqui
260 _a-
_bAfaaq Hussain Siddiqui
_c1987 ء
300 _a144p.
_c22cm(Hb)
942 _2ddc
_cUR
_h921
_mج ا ں